The concise encyclopedia of living faiths :

محفوظ في:

المؤلف الرئيسي: Zaehner, R. C.

التنسيق: كتاب

اللغة: Undetermined

منشور في: New York : Hawthorn Books, 1953.

الموضوعات:

الوسوم: إضافة وسم

لا توجد وسوم, كن أول من يضع وسما على هذه التسجيلة!

رقم الطلب: (Ref.) BL80.2 .Z3

LEADER 00601nam a2200157Ia 4500
008 220712s9999||||xx |||||||||||||| ||und||
050 4 |a (Ref.) BL80.2 .Z3 
100 1 |a Zaehner, R. C. 
245 1 4 |a The concise encyclopedia of living faiths : 
264 1 |a New York :  |b Hawthorn Books,  |c 1953. 
300 |a 431p. :  |b illus. (part col.) port. (1 col.) map ;  |c 26cm. 
504 |a Includes bibliography. 
555 4 |o (Ref.) BL80.2 .Z3 
650 4 |a Religions Encyclopedias. 
952 |0 0  |1 0  |2 lcc  |4 0  |7 1  |9 41782  |a ARCE  |b ARCE  |d 2022-07-21  |l 0  |o (Ref.) BL80.2 .Z3  |p 1033408  |r 2022-07-21 00:00:00  |w 2022-07-21  |y BK 
999 |c 48761  |d 48761